00481 2200181 4500001002100000005001500021008004100036020002200077035001900099041000700118082001100125090001700136100002400153245003000177260004100207300002400248650002700272INLIS00000000001208320241224114311241224||||||||| | ||| |||| || |  a978-979-769-330-5 0010-1224012083 aid0 a397.64 a397.64 ABD f0 aAbd.Rachman Assegaf00aFILSAFAT PENDIDIKAN ISLAM aJakartabRaja Grafindo Persadac2011 axxiv+370hlm;13x20cm 0aPendidikan Agama Islam